000 00677nam a2200241Ia 4500
003 OSt
005 20221007104630.0
006 a|||||r|||| 00| 0
007 ta
008 221006b |||||||| |||| 00| 0 eng d
024 _a16,413
037 _cTextual
040 _aLCO
_cLCO
_beng
041 _2eng
_aeng
082 _aZ2,9298, L6
100 _aMorley William H.
_9415332
245 0 _aAdministration of Justice in British India
260 _aNew
_bDelhi Metropolitan Book Co. Pvt .Ltd India
_c1976
300 _a357
650 _aADMINISTRATION OF JUSTICE
_9706164
942 _hZ2,9298, L6
_cTEXL
999 _c1185976
_d1185976